000 00513nam a22001937a 4500
999 _c196058
_d196058
005 20230523145636.0
008 20230523
010 _aENG-136992
020 _a9789393734082
_c350.00
035 _aEN-120524
037 _bDBAD / PUB
082 _aS
100 _aChatterjee, Diptendu
245 _a21 Cards/
_cDiptendu Chatterjee
260 _aKOLKATA
_bexceller book
_c2022
270 _aDream Apartment,Degree collage road,
_bkolkata
_e700056
300 _a164p;
_c21cm(pbk)
942 _2ddc
_cEN
_hS
_mCHA